Every Metropolitan Area in the United States With 1M+ People on a Map - Statistics

General Stats
  • This quiz has been taken 276 times
  • The average score is 51 of 55
Answers on the Map
Answers color-coded by a green-red scale on the quiz's map according to % correct below.
 
Answer Stats
Population Core City % Correct
19,940,274 New York City
99%
5,025,517 Boston
98%
12,927,614 Los Angeles
98%
6,457,988 Miami
98%
2,537,904 Portland
98%
4,145,494 Seattle
98%
6,436,489 Washington
98%
6,411,149 Atlanta
97%
9,408,576 Chicago
97%
8,344,032 Dallas
97%
6,330,422 Philadelphia
97%
5,186,958 Phoenix
97%
4,648,486 San Francisco
97%
4,400,578 Detroit
96%
7,796,182 Houston
96%
2,398,871 Las Vegas
96%
3,298,799 San Diego
96%
2,550,637 Austin
95%
3,052,498 Denver
95%
2,174,833 Indianapolis
95%
3,757,952 Minneapolis
95%
2,429,917 Pittsburgh
95%
1,300,762 Salt Lake City
95%
2,859,024 Baltimore
94%
1,160,172 Buffalo
94%
2,253,579 Kansas City
94%
2,150,553 Nashville
94%
1,497,821 Oklahoma City
94%
2,940,513 Orlando
94%
2,463,127 Sacramento
94%
3,424,560 Tampa
94%
2,171,877 Cleveland
93%
1,760,548 Jacksonville
93%
1,339,345 Memphis
93%
1,574,452 Milwaukee
93%
2,763,006 San Antonio
93%
2,883,370 Charlotte
92%
2,302,815 Cincinnati
92%
2,811,927 St Louis
92%
1,995,484 San Jose
91%
2,225,377 Columbus
90%
1,700,901 Providence
89%
1,370,165 Richmond
89%
1,562,009 Raleigh
88%
1,080,149 Tucson
88%
1,394,234 Louisville
87%
1,059,803 Tulsa
87%
1,192,583 Birmingham
86%
1,169,048 Hartford
85%
1,794,278 Virginia Beach
85%
1,001,010 Omaha
84%
1,189,557 Fresno
83%
1,057,218 Rochester
82%
4,744,214 Riverside
76%
1,178,826 Grand Rapids
75%
No matching quizzes found
Score Distribution
Percent of People with Each Score
Percentile by Number Answered
Your Score History
You have not taken this quiz